| 000 | 00545nam a2200181 4500 | ||
|---|---|---|---|
| 001 | 111833 | ||
| 003 | ES-MaACL | ||
| 005 | 20230906185353.0 | ||
| 007 | t| | ||
| 008 | 061121s1955 sp r ||||1| spa d | ||
| 100 | 1 |
_aNeville, Edgar, _d1899-1967 _985470 |
|
| 245 | 1 | 0 |
_aTeatro / _cEdgar Neville. |
| 260 |
_aMadrid : _bBiblioteca Nueva, _c1955. |
||
| 300 |
_a344 p. ; _c19 cm. |
||
| 505 | 8 | _aContiene: Margarita y los hombres; Veinte aƱitos; El baile; Adelita; Rapto | |
| 852 |
_aES-MaACL _jC-10630 _bR.37631 |
||
| 999 |
_c111833 _d111833 |
||